| 000 | 00601cam a2200217 4500500 | ||
|---|---|---|---|
| 005 | 20260405001212.0 | ||
| 041 | _afre | ||
| 042 | _adc | ||
| 100 | 1 | 0 |
_aLegros, Martin _eauthor |
| 245 | 0 | 0 | _aLes tribulations d’un philosophe-roi |
| 260 | _c2011. | ||
| 500 | _a76 | ||
| 690 | _aGuerre | ||
| 690 | _aKadhafi | ||
| 690 | _aLibye | ||
| 690 | _aSarkozy | ||
| 690 | _aSyrie | ||
| 690 | _aTyran | ||
| 786 | 0 | _nPhilosophie magazine | 55 | 12 | 2011-12-01 | p. 1-3 | 1951-1787 | |
| 856 | 4 | 1 | _uhttps://shs.cairn.info/magazine-philosophie-magazine-2011-12-page-1?lang=fr&redirect-ssocas=7080 |
| 999 |
_c2045171 _d2045171 |
||